00415nam a2200121Ia 4500008004100000100001700041245004200058245007400100260004900174260000900223650001300232856004800245170221s9999 xx 000 0 und d aLukka, Ville aAttitudes toward Facebook advertising cVille Lukka, Bangkok University; Paul T.J. James, Bangkok University. bJournal of Management and Marketing Research c2015 xBusiness uhttp://www.aabri.com/manuscripts/131602.pdf